| 000 | 00553nam a22001937a 4500 | ||
|---|---|---|---|
| 003 | OSt | ||
| 005 | 20180116183043.0 | ||
| 008 | 160224b xxu||||| |||| 00| 0 eng d | ||
| 020 | _a18-035-89-1 | ||
| 024 | _218-035-89-1 | ||
| 040 | _cLahore University of Management Sciences | ||
| 082 | _a174.4 LUM 1989 | ||
| 100 | _a HASSAN S Z, JAMIL N | ||
| 245 |
_aPOF HOSPITAL (B) _cHASSAN S Z, JAMIL N |
||
| 260 |
_aLahore _bLahore University of Management Sciences _c1989 |
||
| 300 |
_a15 p. _bPapers |
||
| 440 | _aPOF HOSPITAL (B) | ||
| 942 |
_2ddc _cCS |
||
| 999 |
_c351305 _d351305 |
||